000 00316nam a22001457a 4500
999 _c525179
_d525179
003 NUST
005 20190628094620.0
020 _c(Hbk)
038 _aM.Shaban
082 _a001.433
_bFOL
100 _aFolklore
_915928
245 _aFolklore and medieval punjabi literature /
260 _c1973.
942 _2ddc
_cBK